Statistics for Guess the Song by the Lyric's Quiz #2

Click here to take the quiz!

General Stats

  • This quiz has been taken 273 times
  • The average score is 4 of 17

Answer Stats

Lyric'sAnswer% Correct
So you can keep me inside the pocket of your ripped jeansPhotograph: Ed Sheeran
60%
Your the medicine and the pain, the tattoo inside my brainSucker: By the Jonas brother's
58%
What's going on in that beautiful mind, I'm on your magical mystery rideAll of me: By John Legend
54%
I hate to turn out of the blue uninvited, but I couldn't stay away, I couldn't fight itSomeone like you: By Adele
49%
Your everything I need and more, it's written all over your faceHalo: Beyonce
44%
What am l now? What if im someone i don't want around?Falling: By Harry Styles
31%
Thought we were going strong, thought we were holding on, aren't we?History: One Direction
27%
Then saying, "yes, yes, yes" 'Cause she messin' with your headSweet but Psycho: By Ava Max
23%
Perfect paradise, tearing at the seams, wish i could escapeBad Liar: By Imagine Dragon's
17%
Im gonna build, _____ from the rubble of your loveCastles: By Freya Ridings
15%
'Cause with all that has happened I think we both know the way that this story endsHappier: By Marshmellow
14%
There's something in the way you roll your eyes, takes me back to a better timeWalk me Home: By P!nk
9%
As your looking up(As your looking up), suddenly the sky erupts (sky erupts)Trampoline: By Shaed and Zayn
7%
Can you hear me? ____. Help me put my mind to restS.O.S: By Avicii
6%
And I'm not scared to say those words, with you Im safeFalling like the Star's: By James Arthur
3%
But I don't wanna fall down the rabbit hole, Cross my heart l won't do it againNever really Over: By Katy Perry
3%
I'm the one that drives away then follows you back homeTime's like these: By Foo Fighters
3%

Score Distribution

Percentile by Number Answered

Percent of People with Each Score

Your Score History

You have not taken this quiz